[Event "NED-chT 1112"]
[Site "Netherlands"]
[Date "2011.11.26"]
[Round "3.10"]
[White "Van Beek, Lucien"]
[Black "Van der Wijk, Wim L"]
[Result "1-0"]
[WhiteElo "2333"]
[BlackElo "2148"]
[PlyCount "65"]
[EventDate "2011.09.17"]
[EventType "team-tourn"]
[EventRounds "9"]
[EventCountry "NED"]
[SourceTitle "EXT 2013"]
[Source "ChessBase"]
[SourceDate "2012.11.22"]
[SourceVersion "1"]
[SourceVersionDate "2012.11.22"]
[SourceQuality "1"]
[WhiteTeam "Apeldoorn"]
[BlackTeam "Hilversum HSG"]
[WhiteTeamCountry "NED"]
[BlackTeamCountry "NED"]

1. d4 d5 2. c4 e6 3. Nc3 c5 4. cxd5 cxd4 5. Qa4+ Bd7 6. Qxd4 exd5 7. Qxd5 Nc6 8. Nf3 Nf6 9. Qd3 Nb4 10. Qb1 Bc5 11. a3 Nc6 12. e3 Qe7 13. Be2 Rc8 14. 0-0 0-0 15. Rd1 Rfd8 16. b4 Bd6 17. Bb2 h6 18. Nb5 Bb8 19. Nbd4 Ne4 20. Qd3 Bg4 21. Nxc6 bxc6 22. Qc4 Bxf3 23. Bxf3 Bxh2+ 24. Kh1 Nxf2+ 25. Kxh2 Nxd1 26. Bxd1 Rd2 27. Bc2 Qd6+ 28. Kh1 Qg3 29. Qe4 Rcd8 30. Be5 Qg5 31. Bd4 Qh5+ 32. Kg1 Rd1+ 33. Rxd1 1-0

[Event "NED-chT 0910"]
[Site "Netherlands"]
[Date "2009.10.31"]
[Round "2.9"]
[White "Van Beek, Lucien"]
[Black "Deleyn, Gunter"]
[Result "1/2-1/2"]
[WhiteElo "2339"]
[BlackElo "2277"]
[PlyCount "80"]
[EventDate "2009.09.26"]
[EventType "team"]
[EventRounds "9"]
[EventCountry "NED"]
[SourceTitle "EXT 2010"]
[Source "ChessBase"]
[SourceDate "2010.11.25"]
[SourceVersion "1"]
[SourceVersionDate "2010.11.25"]
[SourceQuality "1"]
[WhiteTeam "Homburg Apeldoorn"]
[BlackTeam "Sas van Gent"]
[WhiteTeamCountry "NED"]
[BlackTeamCountry "NED"]

1. d4 Nf6 2. c4 e6 3. Nc3 Bb4 4. e3 c5 5. Nge2 cxd4 6. exd4 d5 7. a3 Be7 8. Nf4 Nc6 9. cxd5 Nxd5 10. Ncxd5 exd5 11. Be3 Qd6 12. Qf3 Be6 13. Bd3 g6 14. 0-0 0-0 15. Rac1 Rad8 16. Bb1 f5 17. Ba2 b6 18. Rfe1 Bf7 19. Bxd5 Bxd5 20. Nxd5 Qxd5 21. Qxd5+ Rxd5 22. Rxc6 Rfd8 23. g3 Kf7 24. Rc7 R5d7 25. Rxd7 Rxd7 26. h4 Bf6 27. Kf1 Rd6 28. Rd1 Ke6 29. Ke2 Kd5 30. Kd3 Rc6 31. b3 b5 32. Ra1 a5 33. a4 b4 34. Rc1 Rxc1 35. Bxc1 Bxd4 36. f3 Be5 37. g4 h5 38. gxh5 gxh5 39. Bg5 Bc7 40. Bf6 Bb6 1/2-1/2

[Event "NED-chT 0809"]
[Site "Netherlands"]
[Date "2009.02.07"]
[Round "5.6"]
[White "Ondersteijn, Niels"]
[Black "Van Beek, Lucien"]
[Result "1-0"]
[WhiteElo "2254"]
[BlackElo "2345"]
[PlyCount "121"]
[EventDate "2008.09.27"]
[EventType "team-tourn"]
[EventRounds "9"]
[EventCountry "NED"]
[SourceTitle "EXT 2010"]
[Source "ChessBase"]
[SourceDate "2010.11.25"]
[SourceVersion "1"]
[SourceVersionDate "2010.11.25"]
[SourceQuality "1"]
[WhiteTeam "Calder HMC"]
[BlackTeam "Homburg Apeldoorn"]
[WhiteTeamCountry "NED"]
[BlackTeamCountry "NED"]

1. e4 c5 2. Nc3 Nc6 3. f4 e6 4. Nf3 Nge7 5. d4 cxd4 6. Nxd4 Nxd4 7. Qxd4 Nc6 8. Qf2 d5 9. Bd3 d4 10. Nb1 Nb4 11. 0-0 Nxd3 12. cxd3 Be7 13. b3 0-0 14. Ba3 Bxa3 15. Nxa3 f6 16. Rac1 b6 17. Nb5 e5 18. Qg3 a6 19. Nc7 Ra7 20. Nd5 exf4 21. Qxf4 Be6 22. Rc7 Rf7 23. Rfc1 Raxc7 24. Nxc7 Bc8 25. a4 f5 26. exf5 Bxf5 27. Qg3 Bc8 28. Qe5 Bb7 29. Ne6 Qe8 30. h3 Re7 31. Rc7 Bc8 32. Qg5 Rxc7 33. Nxc7 Qe3+ 34. Qxe3 dxe3 35. Nd5 Be6 36. Nxb6 Bxb3 37. a5 Kf7 38. Kf1 Bd1 39. Nd5 e2+ 40. Ke1 Bb3 41. Nc7 Ke7 42. Kxe2 Kd7 43. Nxa6 Kc6 44. Ke3 Kb5 45. Nc7+ Kxa5 46. Kd4 Kb6 47. Ne8 g5 48. Ke5 Kc6 49. Nf6 h6 50. d4 Bc4 51. d5+ Kc7 52. Ng4 Bf1 53. Ne3 Bd3 54. Ke6 Kd8 55. Ng4 Bf1 56. Nxh6 Bxg2 57. Nf7+ Ke8 58. Nxg5 Bf1 59. h4 Be2 60. Nf7 Bd1 61. Ne5 1-0

[Event "NED-chT 0607"]
[Site "Netherlands"]
[Date "2007.03.03"]
[Round "6.6"]
[White "Sminia, Jelmer"]
[Black "Van Beek, Lucien"]
[Result "0-1"]
[WhiteElo "2199"]
[BlackElo "2345"]
[PlyCount "106"]
[EventDate "2006.09.23"]
[EventType "team-tourn"]
[EventRounds "9"]
[EventCountry "NED"]
[SourceTitle "EXT 2008"]
[Source "ChessBase"]
[SourceDate "2007.11.25"]
[SourceVersion "1"]
[SourceVersionDate "2007.11.25"]
[SourceQuality "1"]
[WhiteTeam "Amstelveen"]
[BlackTeam "Homburg Apeldoorn"]
[WhiteTeamCountry "NED"]
[BlackTeamCountry "NED"]

1. e4 c5 2. Nf3 e6 3. c3 Nf6 4. e5 Nd5 5. d4 cxd4 6. cxd4 d6 7. Nc3 Nxc3 8. bxc3 Qc7 9. Bd2 Nd7 10. exd6 Bxd6 11. Bd3 b6 12. Qe2 Bb7 13. h4 Bf4 14. Rc1 Rd8 15. Bxf4 Qxf4 16. Qe3 Qd6 17. 0-0 0-0 18. Rfe1 Rc8 19. Bb1 Qd5 20. Qf4 Qa5 21. Ng5 h6 22. Ne4 Bxe4 23. Qxe4 Nf6 24. Qd3 Rfd8 25. g3 Qa3 26. Qd2 b5 27. Bd3 Nd5 28. Bxb5 Nxc3 29. Bf1 Qb4 30. Rc2 Rxd4 31. Qc1 Rd6 32. a3 Qa5 33. Kh2 Rdc6 34. Bg2 Rc5 35. Qe3 Na4 36. Rxc5 Qxc5 37. Qf4 Nc3 38. Ra1 Ne2 39. Qf3 Nd4 40. Qf4 Nb3 41. Rb1 e5 42. Qf5 Nd4 43. Qd7 Rf8 44. Rb7 Qc2 45. Kg1 Qd1+ 46. Bf1 a5 47. Ra7 e4 48. Kh2 Qd2 49. Bg2 Qxf2 50. Rxa5 Nf3+ 51. Kh3 Qg1 52. Bxf3 exf3 53. Rf5 h5 0-1

[Event "Amsterdam ACT op 3rd"]
[Site "Amsterdam"]
[Date "2006.07.21"]
[Round "7"]
[White "Bachofner, Andreas"]
[Black "Van Beek, Lucien"]
[Result "1/2-1/2"]
[WhiteElo "2185"]
[BlackElo "2345"]
[PlyCount "55"]
[EventDate "2006.07.15"]
[EventType "swiss"]
[EventRounds "9"]
[EventCountry "NED"]
[SourceTitle "CBM 113 Extra"]
[Source "ChessBase"]
[SourceDate "2006.09.14"]
[SourceVersion "1"]
[SourceVersionDate "2006.09.14"]
[SourceQuality "1"]

1. Nf3 Nf6 2. b3 d5 3. Bb2 e6 4. e3 c5 5. Bb5+ Bd7 6. Qe2 Nc6 7. 0-0 Be7 8. d3 0-0 9. Bxc6 Bxc6 10. Ne5 Be8 11. Nd2 Nd7 12. f4 f6 13. Nxd7 Qxd7 14. a4 b6 15. e4 Bf7 16. e5 f5 17. h3 Be8 18. Kh2 b5 19. axb5 Qxb5 20. Ba3 a5 21. Qf2 Bc6 22. d4 Rfc8 23. dxc5 Be8 24. Nf3 Bxc5 25. Bxc5 Qxc5 26. Qxc5 Rxc5 27. Nd4 Kf7 28. Rf3 1/2-1/2

[Event "NED-chT 0506"]
[Site "Netherlands"]
[Date "2005.10.15"]
[Round "2.6"]
[White "Van Beek, Lucien"]
[Black "Martens, Martin"]
[Result "1-0"]
[WhiteElo "2332"]
[BlackElo "2414"]
[PlyCount "81"]
[EventDate "2005.09.24"]
[EventType "team"]
[EventRounds "9"]
[EventCountry "NED"]
[SourceTitle "EXT 2007"]
[Source "ChessBase"]
[SourceDate "2006.11.23"]
[SourceVersion "1"]
[SourceVersionDate "2006.11.23"]
[SourceQuality "1"]
[WhiteTeam "Homburg Apeldoorn"]
[BlackTeam "Rotterdam SO"]
[WhiteTeamCountry "NED"]
[BlackTeamCountry "NED"]

1. d4 d5 2. c4 e5 3. dxe5 d4 4. Nf3 Nc6 5. a3 Bg4 6. Nbd2 Qd7 7. b4 Nge7 8. h3 Be6 9. Nb3 Ng6 10. e3 Ncxe5 11. Nxe5 Nxe5 12. Bb2 Nxc4 13. Bxd4 b6 14. Nd2 Nd6 15. Nf3 f6 16. Bd3 Nf5 17. Qc2 c5 18. bxc5 Bxc5 19. Bxc5 Rc8 20. Rb1 Nd6 21. Bxh7 Rxc5 22. Bg6+ Ke7 23. Qd2 Bd5 24. Rd1 Bb3 25. Rc1 Rhc8 26. 0-0 Bd5 27. Nd4 Qa4 28. Rxc5 Rxc5 29. e4 Bg8 30. Nf5+ Nxf5 31. Bxf5 Bb3 32. Qe3 Qc4 33. Qg3 g5 34. Qb8 Rc7 35. e5 fxe5 36. Re1 Kf6 37. Bg4 Qc3 38. Qh8+ Rg7 39. Qd8+ Re7 40. Qh8+ Rg7 41. Re3 1-0

[Event "Amsterdam ACT op 1st"]
[Site "Amsterdam"]
[Date "2004.07.25"]
[Round "9"]
[White "Van Beek, Lucien"]
[Black "Sandipan, Chanda"]
[Result "1/2-1/2"]
[WhiteElo "2321"]
[BlackElo "2555"]
[PlyCount "79"]
[EventDate "2004.07.17"]
[EventType "swiss"]
[EventRounds "9"]
[EventCountry "NED"]
[SourceTitle "CBM 101 Extra"]
[Source "ChessBase"]
[SourceDate "2004.09.01"]
[SourceVersion "2"]
[SourceVersionDate "2004.09.01"]
[SourceQuality "1"]

1. d4 d5 2. c4 e6 3. Nc3 c6 4. e3 Nf6 5. Nf3 Nbd7 6. Qc2 Bd6 7. b3 0-0 8. Be2 a6 9. 0-0 e5 10. cxd5 cxd5 11. dxe5 Nxe5 12. Bb2 Bg4 13. Nxe5 Bxe5 14. Bxg4 Nxg4 15. h3 Nf6 16. Ne2 Rc8 17. Qb1 Qd6 18. Rc1 Ne4 19. Bxe5 Qxe5 20. Nd4 Rc7 21. Rxc7 Qxc7 22. Qd1 Rc8 23. Qg4 g6 24. Rd1 h5 25. Qf3 Qc3 26. Qe2 Qc5 27. Qb2 b5 28. a3 Qc3 29. Qe2 Nc5 30. g4 Nxb3 31. Nxb3 Qxb3 32. gxh5 Rc6 33. Qf3 gxh5 34. Rxd5 Rg6+ 35. Kh2 Kg7 36. Qxh5 Qb1 37. Qe5+ Kh7 38. Qh5+ Kg7 39. Qe5+ Kh7 40. Qh5+ 1/2-1/2

[Event "BL2-West 0304"]
[Site "Germany"]
[Date "2004.??.??"]
[Round "?.7"]
[White "Van Beek, Lucien"]
[Black "Schmitz, Manuela"]
[Result "1/2-1/2"]
[WhiteElo "2335"]
[BlackElo "2090"]
[PlyCount "51"]
[EventDate "2003.12.14"]
[EventType "team-tourn"]
[EventRounds "9"]
[EventCountry "GER"]
[SourceTitle "CBM 100 Extra"]
[Source "ChessBase"]
[SourceDate "2004.07.06"]
[SourceVersion "2"]
[SourceVersionDate "2004.07.06"]
[SourceQuality "1"]
[WhiteTeam "Emsdetten"]
[BlackTeam "Heiligenhaus"]
[WhiteTeamCountry "GER"]
[BlackTeamCountry "GER"]

1. d4 d5 2. c4 dxc4 3. e3 e5 4. dxe5 Qxd1+ 5. Kxd1 Nc6 6. Nd2 Nxe5 7. Nxc4 Nc6 8. Bd2 Nf6 9. Na5 Nxa5 10. Bxa5 c6 11. Bd3 Ng4 12. Ke1 Ne5 13. Be2 Be7 14. Bc3 Bf6 15. Nf3 Nxf3+ 16. gxf3 Bxc3+ 17. bxc3 Be6 18. Rg1 g6 19. Rb1 b6 20. a4 Ke7 21. h4 Rhd8 22. e4 Rd6 23. Rb2 Rad8 24. h5 Bc4 25. hxg6 hxg6 26. Rh1 1/2-1/2

[Event "NED-chT 0304"]
[Site "Netherlands"]
[Date "2003.11.22"]
[Round "3.7"]
[White "Van Beek, Lucien"]
[Black "Carlier, Bruno"]
[Result "1/2-1/2"]
[WhiteElo "2330"]
[BlackElo "2415"]
[PlyCount "110"]
[EventDate "2003.09.27"]
[EventType "team-tourn"]
[EventRounds "9"]
[EventCountry "NED"]
[SourceTitle "EXT 2014"]
[Source "ChessBase"]
[SourceDate "2013.11.20"]
[SourceVersion "1"]
[SourceVersionDate "2013.11.20"]
[SourceQuality "1"]
[WhiteTeam "Apeldoorn"]
[BlackTeam "Rotterdam"]
[WhiteTeamCountry "NED"]
[BlackTeamCountry "NED"]

1. d4 g6 2. e4 Bg7 3. Nf3 d6 4. h3 Nf6 5. Nc3 0-0 6. Be3 c6 7. a4 d5 8. Bd3 dxe4 9. Nxe4 Nxe4 10. Bxe4 Nd7 11. 0-0 Nf6 12. Bd3 Nd5 13. Bd2 c5 14. c4 Nc7 15. b4 cxd4 16. Qc2 e5 17. Rfe1 Re8 18. Rac1 f5 19. c5 e4 20. Ng5 Be6 21. Nxe6 Nxe6 22. Qb3 Kh8 23. Bb5 Re7 24. c6 bxc6 25. Rxc6 e3 26. Rxe6 Rxe6 27. Qxe6 exd2 28. Rd1 Qg5 29. Qe2 Rc8 30. Rxd2 Rc1+ 31. Kh2 h5 32. Rc2 Rxc2 33. Qxc2 h4 34. Bd3 Be5+ 35. Kg1 Qf4 36. Qc6 Kg7 37. Qb7+ Kh6 38. Qc6 Qd2 39. Bf1 Qf4 40. Ba6 Qd2 41. Qc4 Qf4 42. Bb7 Qh2+ 43. Kf1 Qh1+ 44. Ke2 Qb1 45. Qd3 Qxb4 46. Qd2+ Qxd2+ 47. Kxd2 Bc7 48. Kd3 Bb6 49. f4 Kg7 50. Bc6 Kf6 51. Be8 Bc7 52. Kxd4 Bxf4 53. Kd5 Be3 54. Bd7 Bb6 55. Be8 g5 1/2-1/2

[Event "Zug Young Masters"]
[Site "Zug"]
[Date "2003.10.12"]
[Round "6"]
[White "Van Beek, Lucien"]
[Black "Papa, Severin"]
[Result "1/2-1/2"]
[WhiteElo "2336"]
[BlackElo "2401"]
[PlyCount "48"]
[EventDate "2003.10.07"]
[EventType "tourn"]
[EventRounds "11"]
[EventCountry "SUI"]
[EventCategory "5"]
[SourceTitle "CBM 096 Extra"]
[Source "ChessBase"]
[SourceDate "2003.10.22"]
[SourceVersion "2"]
[SourceVersionDate "2003.10.20"]
[SourceQuality "1"]

1. d4 Nf6 2. c4 g6 3. Nc3 d5 4. cxd5 Nxd5 5. e4 Nxc3 6. bxc3 Bg7 7. Be3 c5 8. Qd2 Qa5 9. Rb1 b6 10. Rc1 Ba6 11. Bxa6 Qxa6 12. h4 Nc6 13. e5 Rd8 14. f4 f6 15. Qe2 Qxe2+ 16. Nxe2 cxd4 17. cxd4 Nb4 18. 0-0 Nd5 19. Bd2 Kd7 20. Nc3 Nxc3 21. Rxc3 Rc8 22. Rfc1 Rxc3 23. Rxc3 e6 24. Kf2 Rc8 1/2-1/2

[Event "Zug Young Masters"]
[Site "Zug"]
[Date "2003.10.11"]
[Round "5"]
[White "Buss, Ralph"]
[Black "Van Beek, Lucien"]
[Result "1/2-1/2"]
[WhiteElo "2267"]
[BlackElo "2336"]
[PlyCount "90"]
[EventDate "2003.10.07"]
[EventType "tourn"]
[EventRounds "11"]
[EventCountry "SUI"]
[EventCategory "5"]
[SourceTitle "CBM 096 Extra"]
[Source "ChessBase"]
[SourceDate "2003.10.22"]
[SourceVersion "2"]
[SourceVersionDate "2003.10.20"]
[SourceQuality "1"]

1. d4 Nf6 2. c4 e6 3. Nc3 d5 4. cxd5 exd5 5. Bg5 Be7 6. e3 Nbd7 7. Bd3 0-0 8. Nf3 c6 9. Qc2 Re8 10. 0-0 Nf8 11. Rab1 a5 12. Rbe1 Be6 13. Ne5 Ng4 14. Bxe7 Rxe7 15. Nxg4 Bxg4 16. Na4 Qd6 17. Bf5 Bxf5 18. Qxf5 Nd7 19. Rc1 g6 20. Qd3 f5 21. Nc5 Nf6 22. Qb3 f4 23. Nxb7 Qc7 24. Nc5 fxe3 25. f3 Nh5 26. Nd3 Nf4 27. Rfe1 Rb8 28. Nxf4 Qxf4 29. Qc3 Re6 30. Re2 Rbe8 31. Rd1 g5 32. Qxa5 g4 33. fxg4 Qxg4 34. Qe1 Kh8 35. a4 c5 36. dxc5 d4 37. b4 Qe4 38. b5 Re5 39. Qb4 Qg4 40. Qc4 Re4 41. c6 Rf4 42. h3 Qf5 43. Ree1 Rg8 44. Rf1 Rxg2+ 45. Kxg2 Rg4+ 1/2-1/2

[Event "Zug Young Masters"]
[Site "Zug"]
[Date "2003.10.10"]
[Round "4"]
[White "Van Beek, Lucien"]
[Black "Flumbort, Andras"]
[Result "1/2-1/2"]
[WhiteElo "2336"]
[BlackElo "2467"]
[PlyCount "46"]
[EventDate "2003.10.07"]
[EventType "tourn"]
[EventRounds "11"]
[EventCountry "SUI"]
[EventCategory "5"]
[SourceTitle "CBM 096 Extra"]
[Source "ChessBase"]
[SourceDate "2003.10.22"]
[SourceVersion "2"]
[SourceVersionDate "2003.10.20"]
[SourceQuality "1"]

1. d4 Nf6 2. c4 g6 3. Nc3 d5 4. cxd5 Nxd5 5. Bd2 Bg7 6. e4 Nb6 7. Be3 0-0 8. Be2 Nc6 9. Nf3 Bg4 10. d5 Bxf3 11. Bxf3 Ne5 12. Be2 Nec4 13. Bc1 c6 14. dxc6 bxc6 15. 0-0 Qxd1 16. Rxd1 Rfd8 17. a4 a5 18. Ra2 Nd6 19. f3 Ndc4 20. Kf2 Bd4+ 21. Ke1 Ne3 22. Bxe3 Bxe3 23. b3 h5 1/2-1/2

[Event "Zug Young Masters"]
[Site "Zug"]
[Date "2003.10.09"]
[Round "3"]
[White "Szelag, Marcin"]
[Black "Van Beek, Lucien"]
[Result "1-0"]
[WhiteElo "2390"]
[BlackElo "2336"]
[PlyCount "81"]
[EventDate "2003.10.07"]
[EventType "tourn"]
[EventRounds "11"]
[EventCountry "SUI"]
[EventCategory "5"]
[SourceTitle "CBM 096 Extra"]
[Source "ChessBase"]
[SourceDate "2003.10.22"]
[SourceVersion "2"]
[SourceVersionDate "2003.10.20"]
[SourceQuality "1"]

1. e4 e5 2. Nf3 Nc6 3. Bb5 a6 4. Ba4 Nf6 5. 0-0 Be7 6. Re1 b5 7. Bb3 d6 8. c3 0-0 9. h3 Nd7 10. d4 Bf6 11. Be3 Na5 12. Bc2 Nc4 13. Bc1 Bb7 14. b3 Ncb6 15. Nbd2 Re8 16. d5 c6 17. c4 Be7 18. Qe2 cxd5 19. cxd5 f5 20. exf5 Nxd5 21. Ne4 Rc8 22. Nfg5 N7f6 23. Ne6 Qb6 24. Qd2 Bf8 25. Bb2 b4 26. Rac1 Nh5 27. Qg5 Nhf6 28. Bd3 Nxe4 29. Bxe4 Nc3 30. Bxc3 bxc3 31. Nxg7 Bxg7 32. f6 Rc7 33. Qh5 Rec8 34. Qxh7+ Kf8 35. fxg7+ Rxg7 36. Qh8+ Kf7 37. Qh5+ Ke7 38. Qh4+ Kf7 39. Re3 Bxe4 40. Qxe4 Qa5 41. Qf5+ 1-0

[Event "Bundesliga 0203"]
[Site "Germany"]
[Date "2003.03.09"]
[Round "13.7"]
[White "Borriss, Martin"]
[Black "Van Beek, Lucien"]
[Result "1/2-1/2"]
[WhiteElo "2442"]
[BlackElo "2341"]
[PlyCount "66"]
[EventDate "2002.10.19"]
[EventType "team-tourn"]
[EventRounds "15"]
[EventCountry "GER"]
[SourceTitle "CBM 094"]
[Source "ChessBase"]
[SourceDate "2003.05.26"]
[SourceVersion "1"]
[SourceVersionDate "2003.05.26"]
[SourceQuality "1"]
[WhiteTeam "Neukoelln"]
[BlackTeam "Emsdetten Turm"]
[WhiteTeamCountry "GER"]
[BlackTeamCountry "GER"]

1. e4 e5 2. Nf3 Nc6 3. Bb5 a6 4. Ba4 d6 5. c3 Bd7 6. d4 g6 7. Bg5 f6 8. Be3 Nh6 9. 0-0 Qe7 10. h3 Nf7 11. c4 Bg7 12. Nc3 0-0 13. Nd5 Qd8 14. c5 f5 15. cxd6 fxe4 16. Nxe5 Nxd6 17. Bxc6 Bxc6 18. Nxc6 bxc6 19. Nb4 Nf5 20. Nxc6 Qd6 21. Qc2 Rae8 22. Rae1 Re6 23. Ne5 Bxe5 24. dxe5 Qxe5 25. Bc5 Rfe8 26. Re2 Nh4 27. Qc3 Qg5 28. Qg3 Qxg3 29. fxg3 Nf5 30. Kh2 Nd6 31. g4 Rf8 32. Rfe1 Rfe8 33. Kg3 Nc4 1/2-1/2

[Event "Bundesliga 0203"]
[Site "Germany"]
[Date "2003.03.08"]
[Round "12.7"]
[White "Van Beek, Lucien"]
[Black "Volke, Karsten"]
[Result "0-1"]
[WhiteElo "2341"]
[BlackElo "2457"]
[PlyCount "76"]
[EventDate "2002.10.19"]
[EventType "team-tourn"]
[EventRounds "15"]
[EventCountry "GER"]
[SourceTitle "CBM 094"]
[Source "ChessBase"]
[SourceDate "2003.05.26"]
[SourceVersion "1"]
[SourceVersionDate "2003.05.26"]
[SourceQuality "1"]
[WhiteTeam "Emsdetten Turm"]
[BlackTeam "Kreuzberg"]
[WhiteTeamCountry "GER"]
[BlackTeamCountry "GER"]

1. d4 Nf6 2. c4 e6 3. Nc3 Bb4 4. e3 0-0 5. Nge2 Re8 6. a3 Bf8 7. d5 a5 8. Ng3 Na6 9. Bd3 c6 10. 0-0 cxd5 11. cxd5 exd5 12. Bb1 Nc7 13. Ba2 Ra6 14. Qd3 Re5 15. Rd1 Rc6 16. f4 Re8 17. Nxd5 Ncxd5 18. Bxd5 Nxd5 19. Qxd5 Rd6 20. Qb3 Rxd1+ 21. Qxd1 Bc5 22. Qd5 d6 23. Ne4 Qe7 24. Nxc5 dxc5 25. b4 Rd8 26. Qf3 cxb4 27. axb4 Qxb4 28. Ba3 Qc3 29. Qf1 b5 30. Qc1 Qxc1+ 31. Rxc1 b4 32. Bb2 Be6 33. Bd4 a4 34. Rc7 a3 35. Ra7 h5 36. Kf2 Rxd4 37. exd4 a2 38. f5 Bd5 0-1

[Event "NED-chT 0203"]
[Site "Netherlands"]
[Date "2003.02.22"]
[Round "6.8"]
[White "Van Gisbergen, Stan"]
[Black "Van Beek, Lucien"]
[Result "1-0"]
[WhiteElo "2333"]
[BlackElo "2341"]
[PlyCount "69"]
[EventDate "2002.09.28"]
[EventType "team-tourn"]
[EventRounds "9"]
[EventCountry "NED"]
[SourceTitle "EXT 2015"]
[Source "ChessBase"]
[SourceDate "2014.11.20"]
[SourceVersion "1"]
[SourceVersionDate "2014.11.20"]
[SourceQuality "1"]
[WhiteTeam "Nijmegen"]
[BlackTeam "Apeldoorn"]
[WhiteTeamCountry "NED"]
[BlackTeamCountry "NED"]

1. d4 Nf6 2. c4 e6 3. Nf3 c5 4. d5 exd5 5. cxd5 d6 6. Nc3 g6 7. e4 Bg7 8. Be2 a6 9. a4 Bg4 10. 0-0 0-0 11. Bf4 Re8 12. Nd2 Bxe2 13. Qxe2 Nh5 14. Be3 Nd7 15. Rae1 Rb8 16. g4 Nhf6 17. f4 h5 18. h3 hxg4 19. hxg4 b5 20. axb5 axb5 21. g5 Nh5 22. Kg2 c4 23. Nd1 Qc7 24. Rh1 Nc5 25. Nf2 Bxb2 26. Rxh5 gxh5 27. Qxh5 Nd3 28. Nxd3 cxd3 29. Rh1 Kf8 30. e5 Ke7 31. g6 Rg8 32. Qg5+ Ke8 33. Rh7 Qb7 34. Ne4 Qxd5 35. gxf7+ 1-0

[Event "NED-chT 0203"]
[Site "Netherlands"]
[Date "2003.02.01"]
[Round "5.6"]
[White "Van Beek, Lucien"]
[Black "Wemmers, Xander"]
[Result "1/2-1/2"]
[WhiteElo "2341"]
[BlackElo "2303"]
[PlyCount "64"]
[EventDate "2002.09.28"]
[EventType "team-tourn"]
[EventRounds "9"]
[EventCountry "NED"]
[SourceTitle "EXT 2015"]
[Source "ChessBase"]
[SourceDate "2014.11.20"]
[SourceVersion "1"]
[SourceVersionDate "2014.11.20"]
[SourceQuality "1"]
[WhiteTeam "Apeldoorn"]
[BlackTeam "Utrecht"]
[WhiteTeamCountry "NED"]
[BlackTeamCountry "NED"]

1. d4 d5 2. c4 c6 3. Nc3 dxc4 4. e4 b5 5. a4 b4 6. Na2 Nf6 7. f3 b3 8. Nc3 Ba6 9. Bf4 e6 10. Nb1 c5 11. dxc5 Qxd1+ 12. Kxd1 c3 13. Ke1 Bxf1 14. Kxf1 cxb2 15. Ra3 Na6 16. Rxb3 Nxc5 17. Rxb2 Nd3 18. Rb8+ Rxb8 19. Bxb8 Bc5 20. Nh3 Ke7 21. Bg3 Nb2 22. Ke2 Nxa4 23. Rc1 Bb6 24. Na3 Rd8 25. Nb5 Nc5 26. Rc2 Rd7 27. Bf2 Na4 28. Be1 a5 29. Ra2 Nc5 30. Bxa5 Bxa5 31. Rxa5 Nb3 32. Ra7 Rxa7 1/2-1/2

[Event "Bundesliga 0203"]
[Site "Germany"]
[Date "2003.01.11"]
[Round "8.8"]
[White "Doeres, Hans Juergen"]
[Black "Van Beek, Lucien"]
[Result "0-1"]
[WhiteElo "2271"]
[BlackElo "2341"]
[PlyCount "78"]
[EventDate "2002.10.19"]
[EventType "team-tourn"]
[EventRounds "15"]
[EventCountry "GER"]
[SourceTitle "CBM 093"]
[Source "ChessBase"]
[SourceDate "2003.04.01"]
[SourceVersion "1"]
[SourceVersionDate "2003.04.01"]
[SourceQuality "1"]
[WhiteTeam "Forchheim"]
[BlackTeam "Emsdetten Turm"]
[WhiteTeamCountry "GER"]
[BlackTeamCountry "GER"]

1. e4 e5 2. Nf3 Nc6 3. Bb5 a6 4. Ba4 d6 5. 0-0 Bd7 6. c3 g6 7. d4 Bg7 8. Bg5 f6 9. Be3 Qe7 10. Nbd2 Nh6 11. dxe5 dxe5 12. b4 b6 13. h3 Nf7 14. Qe2 0-0 15. Bb3 Be6 16. Rfd1 Rfd8 17. Bc4 a5 18. b5 Na7 19. a4 Rd7 20. Bxe6 Qxe6 21. Nc4 Bf8 22. Rxd7 Qxd7 23. Rd1 Qe6 24. Rd5 Nc8 25. Rd1 Ncd6 26. Nfd2 Rd8 27. Nxb6 cxb6 28. Bxb6 Ra8 29. Qd3 Nb7 30. Qe3 Nfd6 31. c4 Nc8 32. Bc7 Bc5 33. Qf3 Qe7 34. Nb3 Qxc7 35. Qxf6 Nb6 36. Qe6+ Kg7 37. Qc6 Rc8 38. Nxc5 Qxc6 39. bxc6 Nxc5 0-1

[Event "BL2-West 0304"]
[Site "Germany"]
[Date "2003.??.??"]
[Round "?.8"]
[White "Van Beek, Lucien"]
[Black "Becker, Marcel"]
[Result "1-0"]
[WhiteElo "2335"]
[BlackElo "2320"]
[PlyCount "139"]
[EventDate "2003.12.14"]
[EventType "team-tourn"]
[EventRounds "9"]
[EventCountry "GER"]
[SourceTitle "CBM 100 Extra"]
[Source "ChessBase"]
[SourceDate "2004.07.06"]
[SourceVersion "2"]
[SourceVersionDate "2004.07.06"]
[SourceQuality "1"]
[WhiteTeam "Emsdetten"]
[BlackTeam "Muelheim"]
[WhiteTeamCountry "GER"]
[BlackTeamCountry "GER"]

1. d4 e6 2. c4 Nf6 3. Nc3 Bb4 4. e3 0-0 5. Nge2 d5 6. a3 Be7 7. cxd5 Nxd5 8. Qc2 Nd7 9. e4 N5b6 10. Bf4 a6 11. Rd1 Nf6 12. Ng3 Bd7 13. Bd3 h6 14. Qe2 Bc6 15. Bb1 Nh7 16. Nh5 Bg5 17. Qg4 f5 18. Qg3 Qe8 19. Bxg5 Qxh5 20. Bf4 Qf7 21. exf5 exf5 22. 0-0 Nd5 23. Ba2 Kh8 24. Rfe1 Nhf6 25. Be5 f4 26. Qh4 Qg6 27. Bb1 Qg5 28. Qxg5 hxg5 29. h3 Rad8 30. Bg6 Be8 31. Nxd5 Nxd5 32. Be4 c6 33. Bf3 Bg6 34. Rd2 Rf7 35. Rc1 Bf5 36. Rc5 Rfd7 37. Rd1 Kg8 38. Re1 Kf7 39. Rcc1 Re8 40. Bh5+ g6 41. Bf3 Be6 42. Bxd5 Bxd5 43. f3 Rde7 44. Kf2 b6 45. b4 b5 46. Rh1 Ke6 47. h4 Kf5 48. hxg5 Kxg5 49. Rh4 Rf7 50. Rg4+ Kf5 51. Rxf4+ Ke6 52. Rxf7 Kxf7 53. Rh1 Ke7 54. Rh7+ Bf7 55. f4 Ke6 56. g4 Rc8 57. Ke3 Ke7 58. Ke4 Ke6 59. Rh6 Ke7 60. Rh7 Ke6 61. Rh6 Ke7 62. f5 Bd5+ 63. Kf4 gxf5 64. Rh7+ Bf7 65. Kxf5 Rg8 66. Rh6 Bd5 67. g5 Ra8 68. Rh7+ Kf8 69. Rh8+ Bg8 70. Kf6 1-0